Labour market remains rather inflexible
Salvato in:
| Autore principale: | |
|---|---|
| Natura: | Capitolo di libro |
| Lingua: | inglese |
| Soggetti: | |
| Tags: |
Nessun Tag, puoi essere il primo ad aggiungerne!!
|
MARC
| LEADER | 00000nla a2200000 4500 | ||
|---|---|---|---|
| 001 | 0214741 | ||
| 005 | 20240502073605.0 | ||
| 041 | 0 | |a eng | |
| 044 | |a SK | ||
| 245 | 1 | 0 | |a Labour market remains rather inflexible |c Peter Adamovský |
| 610 | 2 | 0 | |a zamestnávatelia |
| 610 | 2 | 0 | |a kapitál ľudský |
| 610 | 2 | 0 | |a miesta pracovné |
| 610 | 2 | 0 | |a kategórie pracovníkov |
| 610 | 2 | 0 | |a práca flexibilná |
| 610 | 2 | 0 | |a pracovisko |
| 610 | 2 | 0 | |a tímy pracovné |
| 100 | 1 | |a Adamovský, Peter, 1990- | |